000 00637nam a2200253 a 4500
999 _c6956
_d6956
001 6956
003 BD-JhCC
005 20180218085606.0
008 180203s1991 e |||| || | 001 0 eng d
020 _a033391551
022 _a00814601
035 _a(BD-JhCC)6956
040 _aBD-JhCC
_dBD-JhCC
041 _aeng
082 _a309.05
_bSTA 1991
245 _aThe Statesman's Year-Book 1991-92 /
_cBrain Hunter (Edited)
250 _a128th ed.
260 _aLondon :
_bThe Macmillan Press Ltd,
_c1991
300 _a1692 p. :
_c22 cm.
650 _aStatistics
700 _aHunter, Brain
942 _2ddc
_cBK